Physics Demonstration Experiments in two volumes / (Record no. 180533)
[ view plain ]
| 000 -LEADER | |
|---|---|
| fixed length control field | 00656 a2200169 4500 |
| 003 - CONTROL NUMBER IDENTIFIER | |
| control field | Nust |
| 005 - DATE AND TIME OF LATEST TRANSACTION | |
| control field | 20221128130442.0 |
| 010 ## - LIBRARY OF CONGRESS CONTROL NUMBER | |
| LC control number | 6914674 |
| 040 ## - CATALOGING SOURCE | |
| Transcribing agency | Nust |
| 082 ## - DEWEY DECIMAL CLASSIFICATION NUMBER | |
| Classification number | 530,PHY |
| 245 ## - TITLE STATEMENT | |
| Title | Physics Demonstration Experiments in two volumes / |
| Statement of responsibility, etc. | Edited by Harry F . Meiners |
| 250 ## - EDITION STATEMENT | |
| Edition statement | Volume I and II |
| 260 ## - PUBLICATION, DISTRIBUTION, ETC. | |
| Place of publication, distribution, etc. | New York |
| Name of publisher, distributor, etc. | The Ronald Press CO, |
| Date of publication, distribution, etc. | 1969. |
| 505 ## - FORMATTED CONTENTS NOTE | |
| Formatted contents note | The Lecture Demonstration (Page-3), Mechanics (Page-85), Wave Motion (Page-439), Lecture Techniques (Page-655), Heat (Page-749), Electricity and Magnetism (Page-835), Optics (Page-1035), Atomic and Nuclear Physics (Page-1127). |
| 650 ## - SUBJECT ADDED ENTRY--TOPICAL TERM | |
| Topical term or geographic name entry element | Physics |
| 942 ## - ADDED ENTRY ELEMENTS (KOHA) | |
| Source of classification or shelving scheme | |
| Koha item type | Book |
| Call number prefix | 530,PHY |
| Withdrawn status | Lost status | Source of classification or shelving scheme | Damaged status | Not for loan | Permanent Location | Current Location | Shelving location | Date acquired | Full call number | Barcode | Date last seen | Price effective from | Koha item type | Public note |
|---|---|---|---|---|---|---|---|---|---|---|---|---|---|---|
| Military College of Signals (MCS) | Military College of Signals (MCS) | General Stacks | 12/12/2016 | 530,PHY | MCS6043 | 12/08/2016 | 12/12/2016 | Book | Almirah No. 15 Shelf No. 4 | |||||
| Military College of Signals (MCS) | Military College of Signals (MCS) | General Stacks | 12/12/2016 | 530,PHY | MCS6366 | 12/08/2016 | 12/12/2016 | Book | Almirah No. 15 Shelf No. 4 | |||||
| Military College of Signals (MCS) | Military College of Signals (MCS) | General Stacks | 12/12/2016 | 530,PHY | MCS6367 | 12/08/2016 | 12/12/2016 | Book | Almirah No. 15 Shelf No. 4 |
